| 000 | 08681 a2200697 4500 | ||
|---|---|---|---|
| 008 | 090303t xxu||||| |||| 00| 0 eng d | ||
| 020 |
_c175.00 _a9788122200881 |
||
| 020 |
_c175.00 _a8122200885 |
||
| 035 | _aB-272700-739 | ||
| 037 | _bOrient Paperbacks/11/31778/2.6.08/76/16.5.08/11.6.08 | ||
| 082 | _aN | ||
| 100 | _aDesai, Anita | ||
| 245 |
_aWhere shall we go this summer?/ _cby Anita Desai |
||
| 260 |
_aNew Delhi _bOrient Paperbacks _c2007 |
||
| 270 |
_a(A division of Vision Books Pvt. Ltd.) 5A/ 8 Ansari Road, _bNew Delhi _e110002 |
||
| 300 |
_a142p. _c20cm (Pbk.) |
||
| 942 |
_adpl _cEN _2ddc _hN _mDES |
||
| 999 |
_c24709 _d24709 |
||